Lenses in photography ; the practical guide to optics for photographers.

Bibliographic Details
Main Author: Kingslake, Rudolf
Format: Book
Language:English
Published: New York : Barnes, [1963]
Edition:Rev. ed.
Subjects:

MARC

Tag First Indicator Second Indicator Subfields
LEADER 00000cam a2200000 4500
001 in00000093311
005 20150927070133.0
008 740321s1963 eng u
010 |a  63009367  
035 |a (OCoLC)00837978 
035 |9 AAL5149AM 
040 |c CPL  |d TXA  |d UtOrBLW 
049 |a TXAM  |c [701665] 
050 0 |a TR270  |b .K5 1963b 
082 0 |a 771.352 
100 1 |a Kingslake, Rudolf. 
245 1 0 |a Lenses in photography ;  |b the practical guide to optics for photographers. 
250 |a Rev. ed. 
264 1 |a New York :  |b Barnes,  |c [1963] 
300 |a 278 pages :  |b illustrations, diagrams ;  |c 22 cm. 
336 |a text  |b txt  |2 rdacontent 
337 |a unmediated  |b n  |2 rdamedia 
338 |a volume  |b nc  |2 rdacarrier 
504 |a Bibliography: pages 265-267. 
650 0 |a Photographic lenses. 
999 |a MARS 
999 f f |s 3da0db6f-b170-3541-b299-7e4a87c22de8  |i f3534f24-18b1-3a7b-8152-4dfeeaf37fcd  |t 0 
952 f f |p ric  |a Texas A&M University  |b Rellis Campus  |c Joint Library Facility  |d Remote Storage  |t 0  |e TR270 .K5 1963b  |h Library of Congress classification  |i unmediated -- volume  |m A14805625983 
998 f f |a TR270 .K5 1963b  |t 0  |l Remote Storage